000
00330nam a2200133Ia 4500
008
220217s9999||||xx |||||||||||||| ||und||
020
_a
81-7286-196-6
082
_a
510 CHA
100
_a
D.S.C
245
0
_a
Applied mathematics part- II
260
_a
Prism book
_b
Bangalore
_c
2001
300
_b
160
650
_a
MATHEMATICS
999
_c
168568
_d
168568